<?xml version="1.0" encoding="UTF-8"?>
<collection xmlns="http://www.loc.gov/MARC21/slim">
 <record>
  <leader>01926aam a22002778a 4500</leader>
  <controlfield tag="001">NCT_18074</controlfield>
  <controlfield tag="008">130105s2012                  ||||||viesd</controlfield>
  <datafield tag="999" ind1=" " ind2=" ">
   <subfield code="c">856</subfield>
   <subfield code="d">856</subfield>
  </datafield>
  <datafield tag="020" ind1=" " ind2=" ">
   <subfield code="c">95000</subfield>
  </datafield>
  <datafield tag="082" ind1="0" ind2="4">
   <subfield code="2">23rd ed.</subfield>
   <subfield code="a">551.6</subfield>
   <subfield code="b">B305</subfield>
  </datafield>
  <datafield tag="100" ind1="1" ind2=" ">
   <subfield code="a">Lê Anh Khoa</subfield>
   <subfield code="e">Chủ biên</subfield>
  </datafield>
  <datafield tag="245" ind1="0" ind2="0">
   <subfield code="a">Giáo dục ứng phó với biến đổi khí hậu</subfield>
   <subfield code="c">Lê Anh Khoa (chủ biên), Trần Trung Dũng, Lưu Đức Hải, Nguyễn Văn Viết</subfield>
  </datafield>
  <datafield tag="260" ind1=" " ind2=" ">
   <subfield code="a">H.</subfield>
   <subfield code="b">Giáo dục</subfield>
   <subfield code="c">2012</subfield>
  </datafield>
  <datafield tag="300" ind1=" " ind2=" ">
   <subfield code="a">319tr.</subfield>
   <subfield code="b">minh hoạ</subfield>
   <subfield code="c">27cm</subfield>
  </datafield>
  <datafield tag="500" ind1=" " ind2=" ">
   <subfield code="a">ĐTTS ghi: Bộ Giáo dục và Đào tạo</subfield>
  </datafield>
  <datafield tag="520" ind1="3" ind2=" ">
   <subfield code="a">Giới thiệu các khái niệm cơ bản về thời tiết, khí hậu, biến đổi khí hậu. Trình bày những biến đổi khí hậu toàn cầu và  ở Việt Nam. Tác động của biến đổi khí hậu. Ứng phó với biến đổi khí hậu. Lồng ghép biến đổi khí hậu vào phát triển kinh tế - Xã hội và các môn học</subfield>
  </datafield>
  <datafield tag="653" ind1=" " ind2=" ">
   <subfield code="a">Quản lý đất đai</subfield>
  </datafield>
  <datafield tag="700" ind1="1" ind2=" ">
   <subfield code="a">Trần Trung Dũng</subfield>
  </datafield>
  <datafield tag="700" ind1="1" ind2=" ">
   <subfield code="a">Lưu Đức Hải</subfield>
  </datafield>
  <datafield tag="700" ind1="1" ind2=" ">
   <subfield code="a">Nguyễn Văn Viết</subfield>
  </datafield>
  <datafield tag="942" ind1=" " ind2=" ">
   <subfield code="2">ddc</subfield>
   <subfield code="c">BK</subfield>
  </datafield>
  <datafield tag="952" ind1=" " ind2=" ">
   <subfield code="0">0</subfield>
   <subfield code="1">0</subfield>
   <subfield code="2">ddc</subfield>
   <subfield code="4">0</subfield>
   <subfield code="6">551_600000000000000_B305</subfield>
   <subfield code="7">0</subfield>
   <subfield code="9">4279</subfield>
   <subfield code="a">000001</subfield>
   <subfield code="b">000001</subfield>
   <subfield code="d">2017-11-25</subfield>
   <subfield code="o">551.6 B305</subfield>
   <subfield code="p">MD.04264</subfield>
   <subfield code="r">2017-11-25</subfield>
   <subfield code="v">95000.00</subfield>
   <subfield code="w">2017-11-25</subfield>
   <subfield code="y">BK</subfield>
  </datafield>
  <datafield tag="952" ind1=" " ind2=" ">
   <subfield code="0">0</subfield>
   <subfield code="1">0</subfield>
   <subfield code="2">ddc</subfield>
   <subfield code="4">0</subfield>
   <subfield code="6">551_600000000000000_B305</subfield>
   <subfield code="7">0</subfield>
   <subfield code="9">4280</subfield>
   <subfield code="a">000001</subfield>
   <subfield code="b">000001</subfield>
   <subfield code="d">2017-11-25</subfield>
   <subfield code="o">551.6 B305</subfield>
   <subfield code="p">MD.04265</subfield>
   <subfield code="r">2017-11-25</subfield>
   <subfield code="v">95000.00</subfield>
   <subfield code="w">2017-11-25</subfield>
   <subfield code="y">BK</subfield>
  </datafield>
  <datafield tag="952" ind1=" " ind2=" ">
   <subfield code="0">0</subfield>
   <subfield code="1">0</subfield>
   <subfield code="2">ddc</subfield>
   <subfield code="4">0</subfield>
   <subfield code="6">551_600000000000000_B305</subfield>
   <subfield code="7">0</subfield>
   <subfield code="9">4281</subfield>
   <subfield code="a">000001</subfield>
   <subfield code="b">000001</subfield>
   <subfield code="d">2017-11-25</subfield>
   <subfield code="l">1</subfield>
   <subfield code="o">551.6 B305</subfield>
   <subfield code="p">MD.04266</subfield>
   <subfield code="r">2021-03-08</subfield>
   <subfield code="s">2021-02-23</subfield>
   <subfield code="v">95000.00</subfield>
   <subfield code="w">2017-11-25</subfield>
   <subfield code="y">BK</subfield>
  </datafield>
  <datafield tag="952" ind1=" " ind2=" ">
   <subfield code="0">0</subfield>
   <subfield code="1">0</subfield>
   <subfield code="2">ddc</subfield>
   <subfield code="4">0</subfield>
   <subfield code="6">551_600000000000000_B305</subfield>
   <subfield code="7">0</subfield>
   <subfield code="9">4316</subfield>
   <subfield code="a">000001</subfield>
   <subfield code="b">000001</subfield>
   <subfield code="d">2017-11-25</subfield>
   <subfield code="l">1</subfield>
   <subfield code="o">551.6 B305</subfield>
   <subfield code="p">MD.01260</subfield>
   <subfield code="r">2018-12-19</subfield>
   <subfield code="s">2018-12-05</subfield>
   <subfield code="v">95000.00</subfield>
   <subfield code="w">2017-11-25</subfield>
   <subfield code="y">BK</subfield>
  </datafield>
  <datafield tag="980" ind1=" " ind2=" ">
   <subfield code="a">Thư viện Trường Đại học Nam Cần Thơ</subfield>
  </datafield>
 </record>
</collection>
